000 01332nam0a2200313 4500
001 RU\NLR\BIBL_A\012151413
005 20250128194045.0
010 _a978-5-298-03786-0
_92000
021 _aRU
_bКН-П-19-078479
_9КН-П-19-5693
035 _a(NLR Aleph) 012151413
090 _a13298833
_c13298833
100 _a20191203d2019 m y0rusy50 ca
101 0 _atat
102 _aRU
105 _ay z 000 y
200 1 _aТуташ
_eроман
_fАйгөл Әхмәтгалиева
210 _aКазан
_cТатар. кит. нәшр.
_d2019
215 _a526,[1] б.
_d21
300 _aВ вып. дан. авт.: Ахметгалиева (Муллагалиева) Айгуль Габдулловна.
541 1 _6z01790
_aТуташ
_e[роман].
_zrus
686 1 _aШ6(2=Тат)7-4
686 1 _aЩ334.3(2=Тат)-8
700 1 _aӘхмәтгалиева
_bА. Г. кызы
_f1973-
_gАйгөл Габдулла кызы
_3RU\NLR\auth-onl\771242
_4070
702 1 _aГыйззәтуллина-Волжская
_bС.
_cдрам. актриса, режиссёр
_f1885-1974
_gСәхибҗамал
_4570
790 1 _6z01541
_aАхметгалиева
_bА. Г.
_f1973-
_gАйгуль Габдулловна
_3RU\NLR\AUTH\770287684
_4070
852 _aNLR
_bОНЛ
_jТатар./3-15342
942 _cBOOK
980 _aNB